Combats de l'Undertaker à Wrestlemania - Statistiques

Statistiques générales
  • Ce quiz a été pris 207 fois
  • Le résultat moyen est 14 sur 27
Statistiques - réponses
Wrestlemania Adversaires % Correct
XXX Brock Lesnar
82%
33 Roman Reigns
75%
XXVII Triple H
74%
XXV Shawn Michaels
73%
XXVI Shawn Michaels
73%
XXVIII Triple H
73%
36 AJ Styles
71%
XXIV Edge
70%
34 John Cena
70%
29 CM Punk
67%
23 Batista
64%
31 Bray Wyatt
63%
21 Randy Orton
55%
XX Kane
53%
32 Shane McMahon
49%
VII Jimmy Superfly Snuka
45%
22 Mark Henry
45%
XIV Kane
41%
X-Seven Triple H
37%
VIII Jake "The snake" Robert
34%
IX Giant Gonzalez
31%
X-8 Ric Flair
29%
XII Diesel
23%
XI King Kong Bundy
23%
XIII Sycho Sid
18%
XIX A-Train et Big Show
8%
XV The Big Boss Man
8%
Aucun quiz correspondant
Distribution des résultats
% des personnes avec chaque résultat
Percentile par nombre de réponses
Votre historique - résultats
Vous n’avez pas pris ce quiz